Normal view
MARC view
- الموسيقى - دراسة وتعليم - الموسيقى والاطفال - التعليم الابتدائي
Entry Topical Term
001 - CONTROL NUMBER
- control field: 52614
003 - CONTROL NUMBER IDENTIFIER
- control field: JO-AjAnu
005 - DATE AND TIME OF LATEST TRANSACTION
- control field: 20230606082640.0
008 - FIXED-LENGTH DATA ELEMENTS
- fixed length control field: 230606|| aca||aabn | a|a d
040 ## - CATALOGING SOURCE
- Original cataloging agency: JO-AjAnu
- Transcribing agency: JO-AjAnu
150 ## - HEADING--TOPICAL TERM
- Topical term or geographic name entry element: الموسيقى - دراسة وتعليم - الموسيقى والاطفال - التعليم الابتدائي
670 ## - SOURCE DATA FOUND
- Source citation: Work cat.: (JO-AjAnu)26885: قدوري، حسين, author 52613, التربية الموسيقية للاطفال: مرحلة الدراسة الابتدائية